| 000 | | | 03765nmc2a22002533x 450 |
| 001 | | | b20b5c5f-6744-43e6-8bf7-b81039161b91 |
| 005 | | | 20250811110111.0 |
| 100 | ## | $a | 20250410l17441745k l0rusy0189 ca |
| 101 | 0# | $a | rus |
| | $a | ger |
| 102 | ## | $a | RU |
| 105 | ## | $a | y### |
| 122 | 2# | $a | d |
| 200 | 1# | $a | Протоколы, церемониалы и переписка о придворных аудиенциях послу венгеро-богемской королевы графу Розенбергу |
| | $j | 18 августа 1744 г. - 8 октября 1745 г. |
| 215 | ## | $a | 50 л. |
| | $d | 36,5х26 см |
| 251 | ## | $c | Дело |
| 300 | ## | $a | На обложке указано: "Экспедиция церемониальных дел Министерства иностранных дел" |
| 300 | ## | $a | На русском и немецком языках |
| 371 | ## | $a | Документ не является опубликованным и широко распространяемым |
| 461 | #0 | $1 | 0011beca410-31e9-4f28-916a-592ca9443f69 |
| | $1 | 2001 |
| | $a | Церемониальная часть Министерства императорского двора |
| | $1 | 251 |
| | $c | Фонд |
| | $1 | 852 |
| | $j | 473 |
| 462 | #0 | $1 | 001a54d7da2-27dc-4d4e-832c-8830aaafd738 |
| | $1 | 2001 |
| | $a | Церемониальная часть Министерства императорского двора |
| | $1 | 251 |
| | $c | Опись |
| | $1 | 852 |
| | $j | 3 |
| 801 | #0 | $a | RU |
| | $b | РГИА |
| | $c | 20250410 |
| | $g | RCR |
| 801 | #1 | $a | RU |
| | $b | ГлавНИВЦ |
| | $c | 20250410 |
| | $2 | rusmarc |
| 801 | #2 | $a | RU |
| | $b | ПБ им. Б.Н. Ельцина |
| | $c | 20250811 |
| | $g | RCR |
| | $2 | rusmarc |
| 850 | ## | $a | РГИА |
| 852 | ## | $a | РГИА |
| | $e | Федеральное казенное учреждение "Российский государственный исторический архив" (РГИА) |
| | $j | 11 |
| 937 | ## | $h | РГИА |
| | $d | 12423246 |
| | $a | ASBIBLIO_SCAN |
| 035 | ## | $a | RusGRCC00084393 |
| 856 | ## | $u | http://readingroom.main.prlib.ru/item.aspx?id_node=n197829383&mode=full |